| 000 | 00353nam a22001337a 4500 | ||
|---|---|---|---|
| 003 | SGT | ||
| 082 | _a345.540253,NAR | ||
| 100 | _a NARAYANA, P. S. | ||
| 245 | _aCOMMENTARY ON THE PROTECTION OF CHILDREN FROM SEXUAL OFFENCES ACT, 2012 AND RULES | ||
| 260 |
_aNEW DELHI _bUNIVERSAL BOOKS _c2013 |
||
| 300 | _a428 | ||
| 650 | _aCRIMINAL LAW | ||
| 942 |
_2ddc _cBK |
||
| 999 |
_c9748 _d9748 |
||